00884cam a22002051 4500001001300000003000400013005001700017008004100034010001700075035002000092040002300112042001200135050002000147130003900167245028200206260004000488300001900528630005300547700007800600he 66000991 DLC20260227111439.0880615s1964 is 000 0 heb  ahe 66000991  a(OCoLC)18092106 aDLCcTxUdTxUdDLC apremarc00aBM506.4.A17bK30 aTalmud.pMinor tractates.pAbadim.10aBaraita masekhet ʻAvadim ...bʻim masoret ha-Shas ve-hagahot ke-fi she-nidpas be-Shas Vilna ... ve-ʻalav shene beʼurim ... Kinyan ha-guf, mevaʼer gufa di-Baraita ... ve-kinyan perot yepalpel ... me-ʻinyan le-ʻinyan ...cḥibarti Sh. Y. Ḥ. b. ha-G. R. Y. Y. [Kanevski] aBene Berakb[Ḥ. Kanevski,c[1964] a192 p.c25 cm.00aTalmud.pMinor tractates.pAbadimxCommentaries.1 aḲanevsḳi, Sh. Y. Ḥ. ben Y. Y.q(Shemaryahu Yosef Ḥayim ben Y. Y.)